LEADER 00824naa a2200217 u 4500 001 000000093334 003 CaOOAMICUS 005 20070226130133.0 008 010702m19351936fr u000 u fre u 035 $a10895009 040 $aPUL(R)$bita 100 1 $aHamel, Joseph,$d1889-$0(OLS)http://pul/name/60074 245 14$aLes formes internationales des crédits bancaires /$cpar Joseph Hamel. 260 $a[S. l. :$bs. n.],$c1935-1936. 300 $aP. [201-283] 504 $aBibliografia in nota. 650 4$aDiritto commerciale internazionale.$0(OLS)http://pul/subject/25158 773 0 $tRecueil des cours$gv.I (1935) 773 0 $tRecueil des cours 1935$w()59536 996 $6245$aLes formes internationales des crédits bancaires$9(OLS)http://pul/title/120206 996 $6260$a[S. l. :$bs. n.]$9(OLS)http://pul/publisher/47882 LEADER 01313nam a2200313 a 4500 001 000000148316 003 CaOOAMICUS 005 20220623162513.0 008 160107s1971 fr u000 u fre r 032 $aLibriCat 040 $aPUL$bita 041 1 $afre$hger 130 0 $aJesus in den Evangelium.$lFrancese.$0(OLS)http://pul/title/187123 245 10$aJésus dans les Evangiles / $cJosef Blinzler ... [et al.] ; traduit de l'allemand par A. Liefooghe ; avant-ptopos par F. Refoulé. 260 $aParis :$bCerf,$c1971. 300 $a169 p. ;$c19 cm. 490 1 $aLire la Bible ;$v29 504 $aBibliografia in nota. 600 04$aIesus Christus$xCritica e interpretazione.$0(OLS)http://pul/subject/1968 700 1 $aRefoulé, François.$0(OLS)http://pul/name/25800 700 1 $aBlinzler, Josef.$0(OLS)http://pul/name/19362 700 1 $aLiefooghe, A.$0(OLS)http://pul/name/12003 830 0$aLire la Bible ;$v29.$0(OLS)http://pul/title/31817 850 $aPUL 852 $aPUL$W1$xDP1 Fondo Bordoni$y120$m3 D 31$j166262$qFondi$B172159$CPULBib$Z2$F172159 $HBor290 $81 941 1 $a1 996 $6245$aJésus dans les Evangiles / $9(OLS)http://pul/title/187124 996 $6260$aParis :$bCerf$9(OLS)http://pul/publisher/48238